| 000 | 00982nas a2200277 4500 | ||
|---|---|---|---|
| 001 | BR9102621 | ||
| 003 | BR-BrBNA | ||
| 005 | 20231205092029.0 | ||
| 007 | ta | ||
| 008 | 230509b bl.|||p| |||| 00| 00por d | ||
| 040 |
_aBR-BrBNA _bpor _cBiblioteca Nacional de Agricultura |
||
| 041 | _a(Pt) | ||
| 072 | _aM11; L52 | ||
| 100 | 1 | _aSantos, G.B. | |
| 100 | 1 | _aBarbieri, G. | |
| 245 | 1 | _aIdade e crescimento de Prochilodus marggravii (Walbaum, 1792)(Characiformes, Prochilodontidae)do rio Sao Francisco, Minas Gerais | |
| 246 | 1 | _aAge and growth of Prochilodus marggravii (Walbaum, 1792)(Characiformes, Prochilodontidae)from the Sao Francisco river, state of Minas Gerais | |
| 650 | _aCURIMATA | ||
| 650 | _aCRESCIMENTO | ||
| 650 | _aIDADE | ||
| 650 | _aRIO SAO FRANCISCO | ||
| 650 | _aMINAS GERAIS | ||
| 773 | 0 |
_tRevista Ceres (Brazil) _xISSN 0034-737X _g(Jan-Feb 1991), v. 38(215) p. 5-16 _wBR9102621 |
|
| 909 |
_a202311 _bLúcia _c55 _dLúcia Elande |
||
| 942 |
_2AGRIS _n0 _cANA |
||
| 999 |
_c128805 _d128805 |
||